000 00326nam a22001337a 4500
008 170321b xxu||||| |||| 00| 0 eng d
020 _a9781308351636
050 _aHB 171.5
_b.B37 2015
245 _aBasic Economics/
260 _aUSA
_bMcGrawHill
_c2015
300 _avi,567p
500 _aincludes index
942 _2lcc
_cBK
999 _c49579
_d49579